| 000 | 00627nam a2200229 a 4500 | ||
|---|---|---|---|
| 999 |
_c4267 _d4267 |
||
| 001 | 4267 | ||
| 003 | BD-JhCC | ||
| 005 | 20171126190809.0 | ||
| 008 | 171119s1974 cal |||| ||a| 000 0 eng d | ||
| 035 | _a(BD-JhCC) | ||
| 040 |
_aBD-JhCC _dBD-JhCC |
||
| 041 | _aeng | ||
| 082 |
_a428.6 _bCAI 1972 |
||
| 100 | _aCairns, Joanna | ||
| 245 |
_aScott, Foresman reading Rainbow Shower / _cJoanna Cains; Elizabeth Gallway and Robert J. Tierney. |
||
| 260 |
_aCalifornia : _bGlenview, _c1972 |
||
| 300 |
_a272 p. : _c26 cm. |
||
| 650 | _aReaders | ||
| 700 | _aGallway , Elizabeth | ||
| 700 | _aTierney, Robert J. | ||
| 942 |
_2ddc _cBK |
||